[Event "Brighton e2e4 Major"]
[Site "Brighton"]
[Date "2013.02.20"]
[Round "8"]
[White "Haridas, Girinath"]
[Black "Rough, Robert E"]
[Result "1-0"]
[WhiteElo "1780"]
[BlackElo "1749"]
[PlyCount "51"]
[EventDate "2013.02.16"]
[EventType "swiss"]
[EventRounds "9"]
[EventCountry "ENG"]
[SourceTitle "EXT 2014"]
[Source "ChessBase"]
[SourceDate "2013.11.20"]
[SourceVersion "1"]
[SourceVersionDate "2013.11.20"]
[SourceQuality "1"]

1. d4 Nf6 2. c4 e5 3. dxe5 Ng4 4. Bf4 Nc6 5. Nf3 Bb4+ 6. Nc3 Qe7 7. Qd5 Bxc3+ 8. bxc3 f6 9. exf6 Nxf6 10. Qd3 d6 11. g3 0-0 12. Bg2 Ne4 13. 0-0 Nc5 14. Qd2 Be6 15. Nd4 Bxc4 16. Nxc6 bxc6 17. Bxc6 Rab8 18. Be3 Kh8 19. Rab1 Rb6 20. Bd5 Rxb1 21. Rxb1 Bxd5 22. Qxd5 Ne4 23. Qd3 Qe5 24. Qd4 Qf5 25. Rb7 h5 26. Rxc7 1-0

[Event "Brighton e2e4 Major"]
[Site "Brighton"]
[Date "2013.02.18"]
[Round "4"]
[White "Nabbs, Terence"]
[Black "Rough, Robert E"]
[Result "1-0"]
[WhiteElo "1854"]
[BlackElo "1749"]
[PlyCount "83"]
[EventDate "2013.02.16"]
[EventType "swiss"]
[EventRounds "9"]
[EventCountry "ENG"]
[SourceTitle "EXT 2014"]
[Source "ChessBase"]
[SourceDate "2013.11.20"]
[SourceVersion "1"]
[SourceVersionDate "2013.11.20"]
[SourceQuality "1"]

1. e4 c5 2. Nf3 e6 3. Nc3 Nc6 4. Bb5 Qc7 5. 0-0 a6 6. Bxc6 Qxc6 7. Re1 d6 8. d4 cxd4 9. Qxd4 e5 10. Qd3 Nf6 11. Bg5 Be7 12. Rad1 Be6 13. Bxf6 gxf6 14. Nd5 Rd8 15. Nh4 Bxd5 16. exd5 Qa4 17. Nf5 Rc8 18. b3 Qg4 19. Re3 Kd7 20. Rg3 e4 21. Rxg4 exd3 22. c4 b5 23. Nxe7 Kxe7 24. Rxd3 f5 25. Rf4 Kf6 26. g3 bxc4 27. bxc4 Rhe8 28. Ra3 Re1+ 29. Kg2 Rc1 30. Rxa6 R8xc4 31. Rxc4 Rxc4 32. Rxd6+ Ke7 33. Ra6 Rd4 34. d6+ Kd7 35. Ra7+ Kxd6 36. Rxf7 Ke6 37. Ra7 Rd2 38. a4 Kd6 39. Rxh7 Kc6 40. Rh4 Kb6 41. Rf4 Ka5 42. h4 1-0

[Event "London e2e4 Diamond Jubilee op-C"]
[Site "London"]
[Date "2012.06.04"]
[Round "4"]
[White "Rough, Robert E"]
[Black "Kane, Robert"]
[Result "1/2-1/2"]
[WhiteElo "1738"]
[BlackElo "1843"]
[PlyCount "54"]
[EventDate "2012.06.02"]
[EventType "swiss"]
[EventRounds "7"]
[EventCountry "ENG"]
[SourceTitle "EXT 2014"]
[Source "ChessBase"]
[SourceDate "2013.11.20"]
[SourceVersion "1"]
[SourceVersionDate "2013.11.20"]
[SourceQuality "1"]

1. e4 c5 2. d3 Nc6 3. Nc3 g6 4. g3 Bg7 5. Bg2 d6 6. Nf3 Bg4 7. h3 Bxf3 8. Bxf3 Nf6 9. 0-0 0-0 10. Be3 Rb8 11. Rb1 b5 12. Ne2 Qa5 13. a3 Nd7 14. d4 cxd4 15. Nxd4 Nce5 16. Be2 Rfc8 17. Nf3 Qa4 18. Bd3 a6 19. Nxe5 Nxe5 20. c3 Qxd1 21. Rfxd1 Nxd3 22. Rxd3 Rc4 23. f3 Rbc8 24. Rbd1 h5 25. Kf2 R8c6 26. Bd4 Bxd4+ 27. Rxd4 Kg7 1/2-1/2

[Event "Gibraltar Challengers-B 10th"]
[Site "Caleta"]
[Date "2012.02.02"]
[Round "5"]
[White "Rough, Robert E"]
[Black "Hansen, Henrik Damgaard"]
[Result "1/2-1/2"]
[WhiteElo "1762"]
[BlackElo "1859"]
[PlyCount "49"]
[EventDate "2012.01.28"]
[EventType "swiss"]
[EventRounds "5"]
[EventCountry "GGB"]
[SourceTitle "CBM 146 Extra"]
[Source "ChessBase"]
[SourceDate "2012.02.29"]
[SourceVersion "1"]
[SourceVersionDate "2012.02.29"]
[SourceQuality "1"]

1. c4 Nf6 2. g3 c5 3. Bg2 g6 4. Nc3 Bg7 5. e4 0-0 6. Nge2 Nc6 7. d3 a6 8. 0-0 d6 9. Be3 Ng4 10. Bc1 Nge5 11. f4 Nd7 12. a3 Rb8 13. Be3 Nd4 14. Bf2 e6 15. Nxd4 cxd4 16. Ne2 e5 17. b4 f6 18. Qb3 Kh8 19. Rac1 b6 20. Be1 Rg8 21. Bd2 Bf8 22. a4 Be7 23. Rc2 Nf8 24. f5 g5 25. g4 1/2-1/2

[Event "Gibraltar Challengers-B 10th"]
[Site "Caleta"]
[Date "2012.01.30"]
[Round "3"]
[White "Rough, Robert E"]
[Black "Campbell, Ian"]
[Result "0-1"]
[WhiteElo "1762"]
[BlackElo "2001"]
[PlyCount "94"]
[EventDate "2012.01.28"]
[EventType "swiss"]
[EventRounds "5"]
[EventCountry "GGB"]
[SourceTitle "CBM 146 Extra"]
[Source "ChessBase"]
[SourceDate "2012.02.29"]
[SourceVersion "1"]
[SourceVersionDate "2012.02.29"]
[SourceQuality "1"]

1. c4 f5 2. Nc3 Nf6 3. g3 g6 4. Bg2 Bg7 5. d3 0-0 6. Nf3 d6 7. 0-0 a5 8. e4 e5 9. Be3 Nc6 10. Nd5 fxe4 11. Nxf6+ Bxf6 12. dxe4 Qe7 13. h3 Be6 14. b3 b6 15. Qd2 Kh8 16. Rad1 a4 17. Kh2 Ra7 18. Qc3 axb3 19. axb3 Rfa8 20. Ra1 Rxa1 21. Rxa1 Rxa1 22. Qxa1 Na5 23. Nd2 Kg7 24. Bf1 c5 25. b4 Nc6 26. b5 Nd4 27. Bxd4 exd4 28. Qa6 Qc7 29. Nf3 Bd8 30. Qa8 Qd7 31. Ne1 Bc7 32. Qa4 g5 33. Nd3 Qf7 34. Kg2 Bxc4 35. Nb2 Be6 36. Nc4 d5 37. Nd2 dxe4 38. Nxe4 Bd5 39. f3 Bxe4 40. fxe4 Qe7 41. Qc2 Qe5 42. Qd3 c4 43. Qf3 d3 44. Bxd3 cxd3 45. Qxd3 h5 46. Qd7+ Kf6 47. Qc6+ Ke7 0-1

[Event "Gibraltar Masters 10th"]
[Site "Caleta"]
[Date "2012.01.29"]
[Round "6"]
[White "Rough, Robert E"]
[Black "Savage, Neil"]
[Result "1-0"]
[WhiteElo "1762"]
[BlackElo "1645"]
[PlyCount "46"]
[EventDate "2012.01.24"]
[EventType "swiss"]
[EventRounds "10"]
[EventCountry "GGB"]
[SourceTitle "CBM 147"]
[Source "ChessBase"]
[SourceDate "2012.03.16"]
[SourceVersion "1"]
[SourceVersionDate "2012.03.16"]
[SourceQuality "1"]

1. c4 g6 2. g3 Bg7 3. Bg2 e6 4. Nc3 c5 5. e4 Nc6 6. Nge2 Nge7 7. 0-0 d6 8. d3 a6 9. f4 0-0 10. Rb1 Rb8 11. Qe1 Nb4 12. Qd1 b5 13. a3 Nbc6 14. Be3 b4 15. axb4 Rxb4 16. e5 Qb6 17. Na4 Qb7 18. exd6 Nf5 19. Bxc5 Qd7 20. Nac3 Rb8 21. Ne4 Ncd4 22. Nxd4 Bxd4+ 23. Bxd4 Nxd4 1-0

[Event "Gibraltar Masters 10th"]
[Site "Caleta"]
[Date "2012.01.25"]
[Round "2"]
[White "Johnsen, Kjell Magne"]
[Black "Rough, Robert E"]
[Result "1-0"]
[WhiteElo "1950"]
[BlackElo "1762"]
[PlyCount "215"]
[EventDate "2012.01.24"]
[EventType "swiss"]
[EventRounds "10"]
[EventCountry "GGB"]
[SourceTitle "CBM 147"]
[Source "ChessBase"]
[SourceDate "2012.03.16"]
[SourceVersion "1"]
[SourceVersionDate "2012.03.16"]
[SourceQuality "1"]

1. d4 Nf6 2. c4 d5 3. cxd5 Qxd5 4. Nc3 Qd8 5. e4 e5 6. Nf3 exd4 7. Qxd4 Qxd4 8. Nxd4 c6 9. Bg5 Nbd7 10. 0-0-0 h6 11. Bh4 Bb4 12. Nf5 0-0 13. f3 Kh7 14. g4 Ne5 15. Be2 Bxf5 16. gxf5 Bc5 17. Bg3 Rfe8 18. Kc2 Ned7 19. Bc4 Kg8 20. Be2 Rad8 21. Rd3 Nb6 22. b3 Rxd3 23. Bxd3 Nh5 24. Ne2 Nxg3 25. hxg3 Nd7 26. Nf4 Nf6 27. Bc4 b5 28. Be2 Bd4 29. Rd1 Be5 30. a4 a6 31. Bf1 Bc7 32. Ne2 Kf8 33. g4 Rd8 34. Rxd8+ Bxd8 35. Nd4 c5 36. Nc6 Bc7 37. axb5 axb5 38. Bxb5 Bf4 39. Na5 Be3 40. Kd3 Bg1 41. Nb7 Nh7 42. Kc4 Ng5 43. Nxc5 Nxf3 44. Kd5 Nd4 45. Bd3 Nf3 46. b4 Ke7 47. b5 Ne5 48. Be2 Nd7 49. Na4 Nf6+ 50. Kc6 Nxe4 51. b6 Bxb6 52. Nxb6 Kf6 53. Nc4 Nf2 54. Kd5 Nxg4 55. Bxg4 g6 56. fxg6 fxg6 57. Ke4 Kg5 58. Kf3 h5 59. Bh3 Kf6 60. Kg3 g5 61. Bc8 Kg6 62. Kf3 Kf6 63. Ke4 h4 64. Bd7 Kg6 65. Ke5 h3 66. Bxh3 Kh5 67. Ne3 Kh4 68. Be6 Kg3 69. Bg4 Kf2 70. Ke4 Kg3 71. Bf3 Kf2 72. Nf5 Ke1 73. Nd6 Kd2 74. Nf7 Kc3 75. Nxg5 Kc4 76. Be2+ Kc5 77. Nf3 Kd6 78. Bc4 Kc5 79. Ne5 Kd6 80. Nd3 Ke7 81. Ke5 Kd7 82. Bd5 Ke7 83. Nc5 Kf8 84. Ne4 Ke7 85. Be6 Kf8 86. Kf6 Ke8 87. Nd6+ Kf8 88. Bf5 Kg8 89. Nf7 Kf8 90. Ne5 Kg8 91. Nf7 Kf8 92. Bh7 Ke8 93. Ne5 Kd8 94. Ke6 Kc7 95. Nd7 Kc6 96. Bd3 Kc7 97. Bb5 Kd8 98. Kd6 Ke8 99. Bc4 Kd8 100. Bf7 Kc8 101. Nc5 Kd8 102. Nb7+ Kc8 103. Kc6 Kb8 104. Kb6 Kc8 105. Be6+ Kb8 106. Nc5 Ka8 107. Bd7 Kb8 108. Na6+ 1-0

[Event "Gibraltar Masters 10th"]
[Site "Caleta"]
[Date "2012.01.24"]
[Round "1"]
[White "Rough, Robert E"]
[Black "Compton, Alistair"]
[Result "0-1"]
[WhiteElo "1762"]
[BlackElo "2051"]
[PlyCount "122"]
[EventDate "2012.01.24"]
[EventType "swiss"]
[EventRounds "10"]
[EventCountry "GGB"]
[SourceTitle "CBM 147"]
[Source "ChessBase"]
[SourceDate "2012.03.16"]
[SourceVersion "1"]
[SourceVersionDate "2012.03.16"]
[SourceQuality "1"]

1. c4 e6 2. Nc3 d5 3. cxd5 exd5 4. d4 c5 5. Nf3 Nc6 6. e3 Nf6 7. Be2 Bd6 8. 0-0 0-0 9. dxc5 Bxc5 10. Nd4 Re8 11. Bf3 Ne5 12. Be2 a6 13. a4 Bd6 14. Re1 Ne4 15. Nxe4 dxe4 16. f4 exf3 17. Bxf3 Nxf3+ 18. gxf3 Qh4 19. Re2 Bh3 20. Qe1 Qf6 21. Bd2 Re5 22. f4 Qg6+ 23. Qg3 Qxg3+ 24. hxg3 Re4 25. Rc1 Rae8 26. Kf2 h6 27. Ree1 Bd7 28. a5 Rc8 29. Rxc8+ Bxc8 30. Rc1 Bd7 31. b4 Re8 32. Kf3 f5 33. Be1 Kf7 34. Bd2 g5 35. Rh1 g4+ 36. Kf2 Kg6 37. Rc1 h5 38. Kg2 Rh8 39. Be1 Re8 40. Bd2 Rd8 41. Kf2 Rh8 42. Kg2 h4 43. gxh4 Rxh4 44. Rh1 Rxh1 45. Kxh1 Bc6+ 46. Kg1 Be4 47. b5 Kf7 48. b6 Ke7 49. Kf2 Ba3 50. Be1 Kd6 51. Ke2 Kd5 52. Nb3 Be7 53. Kd1 Kc4 54. Nd2+ Kd3 55. Nxe4 Kxe4 56. Ke2 Bc5 57. Bd2 g3 58. Be1 g2 59. Kf2 Bxe3+ 60. Kxg2 Bxf4 61. Bb4 Kd3 0-1

[Event "Gibraltar Challengers-A 10th"]
[Site "Caleta"]
[Date "2012.01.23"]
[Round "1"]
[White "Attwood, James"]
[Black "Rough, Robert E"]
[Result "1-0"]
[WhiteElo "2072"]
[BlackElo "1762"]
[PlyCount "63"]
[EventDate "2012.01.23"]
[EventType "swiss"]
[EventRounds "5"]
[EventCountry "GGB"]
[SourceTitle "CBM 146 Extra"]
[Source "ChessBase"]
[SourceDate "2012.02.29"]
[SourceVersion "1"]
[SourceVersionDate "2012.02.29"]
[SourceQuality "1"]

1. d4 d5 2. c4 e6 3. Nf3 Nf6 4. g3 Be7 5. Bg2 0-0 6. 0-0 Nbd7 7. Qc2 c6 8. Rd1 Bd6 9. Nc3 Qe8 10. b3 Kh8 11. Bb2 Bb4 12. a3 Bxc3 13. Bxc3 Ne4 14. Bb4 Rg8 15. Nd2 f5 16. f3 Nef6 17. e4 fxe4 18. fxe4 Qg6 19. Re1 Ng4 20. Nf3 e5 21. Nh4 Qh6 22. Qe2 Ngf6 23. exd5 cxd5 24. dxe5 Ne4 25. cxd5 Qb6+ 26. Qe3 Qxe3+ 27. Rxe3 Ng5 28. Be7 h6 29. Bxg5 hxg5 30. Ng6+ Kh7 31. Be4 Kh6 32. g4 1-0

[Event "Gatwick e2e4 int op-B"]
[Site "Gatwick"]
[Date "2011.10.28"]
[Round "5"]
[White "Poppe, Christian"]
[Black "Rough, Robert E"]
[Result "1/2-1/2"]
[WhiteElo "1267"]
[BlackElo "1752"]
[PlyCount "38"]
[EventDate "2011.10.26"]
[EventType "swiss"]
[EventRounds "9"]
[EventCountry "ENG"]
[SourceTitle "EXT 2014"]
[Source "ChessBase"]
[SourceDate "2013.11.20"]
[SourceVersion "1"]
[SourceVersionDate "2013.11.20"]
[SourceQuality "1"]

1. e4 c5 2. Nf3 e6 3. Nc3 Nc6 4. d4 cxd4 5. Nxd4 Qc7 6. Be3 a6 7. Bd3 Nf6 8. f4 d6 9. 0-0 Be7 10. Qe2 0-0 11. a3 b5 12. e5 dxe5 13. Nxc6 Qxc6 14. fxe5 Nd5 15. Qh5 g6 16. Qf3 f5 17. Bh6 Bc5+ 18. Kh1 Rf7 19. Nxd5 exd5 1/2-1/2

[Event "Prestwick Airport Major"]
[Site "Prestwick"]
[Date "2011.05.14"]
[Round "2"]
[White "Curran, Andrew Daniel"]
[Black "Rough, Robert E"]
[Result "1-0"]
[WhiteElo "1458"]
[BlackElo "1642"]
[PlyCount "49"]
[EventDate "2011.05.13"]
[EventType "swiss"]
[EventRounds "5"]
[EventCountry "SCO"]
[SourceTitle "EXT 2023"]
[Source "ChessBase"]
[SourceDate "2022.10.05"]
[SourceVersion "1"]
[SourceVersionDate "2022.10.05"]
[SourceQuality "1"]

1. d4 Nf6 2. Nf3 g6 3. Nc3 d5 4. Bf4 c6 5. e3 Bg7 6. Be2 Nbd7 7. Ne5 0-0 8. Qd2 Nxe5 9. Bxe5 Nd7 10. Bxg7 Kxg7 11. h4 h6 12. 0-0-0 e5 13. dxe5 Nxe5 14. e4 Qf6 15. f4 Ng4 16. e5 Qe7 17. Rdf1 h5 18. Nd1 Qc5 19. Bxg4 Bxg4 20. Ne3 Qe7 21. f5 gxf5 22. Rxf5 Rh8 23. Nxg4 hxg4 24. Qf4 Raf8 25. Qxg4+ 1-0

[Event "Prestwick Airport Major"]
[Site "Prestwick"]
[Date "2011.05.14"]
[Round "3"]
[White "Rough, Robert E"]
[Black "King, Chris"]
[Result "1-0"]
[WhiteElo "1642"]
[BlackElo "1140"]
[PlyCount "115"]
[EventDate "2011.05.13"]
[EventType "swiss"]
[EventRounds "5"]
[EventCountry "SCO"]
[SourceTitle "EXT 2023"]
[Source "ChessBase"]
[SourceDate "2022.10.05"]
[SourceVersion "1"]
[SourceVersionDate "2022.10.05"]
[SourceQuality "1"]

1. e4 e5 2. Nf3 d6 3. d4 Bg4 4. dxe5 Bxf3 5. Qxf3 dxe5 6. Bc4 Qd7 7. 0-0 Nc6 8. c3 Bd6 9. Be3 Nf6 10. Rd1 Qg4 11. Qxg4 Nxg4 12. Bg5 Be7 13. Bxe7 Nxe7 14. Nd2 0-0 15. Nf3 Nc6 16. Rd7 Rac8 17. Re1 Nf6 18. Rdd1 a6 19. b4 Rcd8 20. Bd5 Nxd5 21. exd5 Ne7 22. Rxe5 Ng6 23. Ree1 Rfe8 24. c4 Rxe1+ 25. Rxe1 f6 26. Kf1 Kf8 27. Nd4 Ne5 28. Ne6+ Ke7 29. Nxd8 Kxd8 30. c5 Nd3 31. Rb1 Kd7 32. d6 Ne5 33. dxc7 Kxc7 34. Ke2 Kc6 35. a4 h5 36. f4 Nc4 37. Kd3 Kd5 38. b5 axb5 39. Rxb5 Na3 40. Rxb7 Kxc5 41. a5 Nb5 42. a6 Kc6 43. Rxb5 Kxb5 44. a7 Kc5 45. a8Q Kd6 46. Kd4 Ke6 47. f5+ Kf7 48. Qb7+ Kg8 49. Ke4 Kh7 50. Kf4 Kh6 51. h4 Kh7 52. g4 hxg4 53. Kxg4 Kh6 54. Qf7 Kh7 55. Kh5 Kh8 56. Qe7 Kh7 57. Qd7 Kg8 58. Kg6 1-0

[Event "Gibraltar Masters 9th"]
[Site "Caleta"]
[Date "2011.02.03"]
[Round "10"]
[White "Bauder, Herbert"]
[Black "Rough, Robert E"]
[Result "1-0"]
[WhiteElo "2005"]
[BlackElo "1742"]
[PlyCount "125"]
[EventDate "2011.01.25"]
[EventType "swiss"]
[EventRounds "10"]
[EventCountry "GGB"]
[SourceTitle "CBM 141"]
[Source "ChessBase"]
[SourceDate "2011.03.17"]
[SourceVersion "1"]
[SourceVersionDate "2011.03.17"]
[SourceQuality "1"]

1. d4 Nf6 2. Nf3 d5 3. c4 e6 4. Nc3 Be7 5. Bg5 0-0 6. e3 c6 7. Qc2 Nbd7 8. a3 Re8 9. Bd3 Nf8 10. 0-0 h6 11. Bh4 b6 12. cxd5 exd5 13. Ne5 Bb7 14. Qe2 c5 15. Bb5 N8d7 16. Bxf6 Nxf6 17. Bxe8 Qxe8 18. Nf3 Qc8 19. Qd2 Qe6 20. Rfd1 Bd6 21. Nb5 Bb8 22. Rac1 a6 23. Nc3 g5 24. Ne2 Ne4 25. Qc2 g4 26. Ne5 f6 27. Nf4 Qf5 28. Neg6 Kf7 29. f3 gxf3 30. gxf3 Bxf4 31. Nxf4 Rg8+ 32. Kh1 Nd6 33. Qxf5 Nxf5 34. Ng2 Rxg2 35. Kxg2 Nxe3+ 36. Kf2 Nxd1+ 37. Rxd1 c4 38. Rg1 b5 39. Ke3 a5 40. Kf4 Bc8 41. h4 h5 42. Ke3 Bf5 43. Kd2 b4 44. axb4 axb4 45. Ra1 b3 46. Ra6 Ke7 47. Rb6 Be6 48. Kc3 Bh3 49. Kd2 Be6 50. Rb7+ Bd7 51. Kc3 Ke6 52. Kb4 Be8 53. Kc5 Bf7 54. Rb6+ Ke7 55. f4 Bg8 56. f5 Bf7 57. Rb7+ Kf8 58. Kd6 Bg8 59. Rb8+ Kg7 60. Rb7+ Kf8 61. Rc7 Ke8 62. Rc8+ Kf7 63. Kxd5 1-0

[Event "Gibraltar Challengers-B 9th"]
[Site "Caleta"]
[Date "2011.01.30"]
[Round "2"]
[White "Carlsten, Peter"]
[Black "Rough, Robert E"]
[Result "1-0"]
[WhiteElo "2110"]
[BlackElo "1742"]
[PlyCount "57"]
[EventDate "2011.01.29"]
[EventType "swiss"]
[EventRounds "5"]
[EventCountry "GGB"]
[SourceTitle "CBM 140 Extra"]
[Source "ChessBase"]
[SourceDate "2011.03.01"]
[SourceVersion "1"]
[SourceVersionDate "2011.03.01"]
[SourceQuality "1"]

1. e4 d5 2. exd5 Qxd5 3. Nc3 Qd6 4. d4 Nf6 5. Nf3 c6 6. h3 Bf5 7. Be3 Nbd7 8. Qd2 e6 9. Nh4 Bg6 10. Nxg6 hxg6 11. 0-0-0 Be7 12. a3 Qc7 13. Kb1 0-0 14. Be2 Nd5 15. Nxd5 cxd5 16. h4 Nf6 17. h5 gxh5 18. Bxh5 Ne4 19. Qd3 Qc4 20. Qxc4 dxc4 21. Bf3 Nd6 22. Bf4 Rfd8 23. d5 exd5 24. Bxd5 Rac8 25. Rh3 Nf5 26. Rdh1 Nh6 27. Bxb7 Rc5 28. Be3 Rb5 29. Ba6 1-0

[Event "Gibraltar Challengers-A 9th"]
[Site "Caleta"]
[Date "2011.01.26"]
[Round "3"]
[White "Rough, Robert E"]
[Black "Lundback, Karl"]
[Result "0-1"]
[WhiteElo "1742"]
[BlackElo "1969"]
[PlyCount "63"]
[EventDate "2011.01.24"]
[EventType "swiss"]
[EventRounds "5"]
[EventCountry "GGB"]
[SourceTitle "CBM 140 Extra"]
[Source "ChessBase"]
[SourceDate "2011.03.01"]
[SourceVersion "1"]
[SourceVersionDate "2011.03.01"]
[SourceQuality "1"]

1. e4 e5 2. Nf3 Nf6 3. Nc3 Bb4 4. Bc4 0-0 5. d3 d5 6. exd5 Nxd5 7. Bd2 Nxc3 8. bxc3 Bd6 9. h3 Nc6 10. 0-0 Na5 11. Bb3 Nxb3 12. cxb3 Bf5 13. d4 exd4 14. cxd4 Re8 15. b4 Qd7 16. Re1 Rxe1+ 17. Qxe1 Re8 18. Qf1 Be4 19. Qe2 f6 20. Re1 Kf8 21. Qe3 Bd5 22. Qd3 Rxe1+ 23. Nxe1 Bxa2 24. Qxh7 Qe7 25. Qh8+ Bg8 26. Qh5 Bxb4 27. Bxb4 Qxb4 28. Qd1 a5 29. Nd3 a4 30. Qc1 Qd6 31. Qc5 Qxc5 32. dxc5 0-1

[Event "Gibraltar Challengers-A 9th"]
[Site "Caleta"]
[Date "2011.01.25"]
[Round "2"]
[White "Phillips, Owen S"]
[Black "Rough, Robert E"]
[Result "1/2-1/2"]
[WhiteElo "1992"]
[BlackElo "1742"]
[PlyCount "77"]
[EventDate "2011.01.24"]
[EventType "swiss"]
[EventRounds "5"]
[EventCountry "GGB"]
[SourceTitle "CBM 140 Extra"]
[Source "ChessBase"]
[SourceDate "2011.03.01"]
[SourceVersion "1"]
[SourceVersionDate "2011.03.01"]
[SourceQuality "1"]

1. e4 d5 2. exd5 Qxd5 3. Nc3 Qd6 4. g3 Nf6 5. Bg2 c6 6. Nge2 Bf5 7. d3 e6 8. 0-0 Be7 9. Rb1 0-0 10. Bg5 Nbd7 11. Ne4 Nxe4 12. Bxe7 Qxe7 13. dxe4 Bg6 14. b4 e5 15. Nc3 Nf6 16. Qe2 Bh5 17. Qc4 Rfd8 18. f3 Rd4 19. Qb3 Rad8 20. Rfd1 Rxd1+ 21. Rxd1 Rxd1+ 22. Nxd1 Qd6 23. Ne3 Qd4 24. Qd3 Qxd3 25. cxd3 Ne8 26. Kf2 Nd6 27. Nc4 Nxc4 28. dxc4 f6 29. Ke3 Kf8 30. Bh3 b6 31. Bd7 Be8 32. Bxe8 Kxe8 33. f4 Kd7 34. a3 Kd6 35. f5 b5 36. c5+ Ke7 37. g4 h6 38. Kd3 Kf7 39. Ke3 1/2-1/2

[Event "Gibraltar Masters 8th"]
[Site "Caleta"]
[Date "2010.02.04"]
[Round "10"]
[White "Zanetti, Bruno"]
[Black "Rough, Robert E"]
[Result "1-0"]
[WhiteElo "1978"]
[BlackElo "1811"]
[PlyCount "49"]
[EventDate "2010.01.26"]
[EventType "swiss"]
[EventRounds "10"]
[EventCountry "GGB"]
[SourceTitle "CBM 134 Extra"]
[Source "ChessBase"]
[SourceDate "2010.03.03"]
[SourceVersion "1"]
[SourceVersionDate "2010.03.03"]
[SourceQuality "1"]

1. d4 Nf6 2. c4 e5 3. dxe5 Ng4 4. Nf3 Nc6 5. Bf4 Bb4+ 6. Nbd2 Qe7 7. a3 Bxd2+ 8. Qxd2 Ngxe5 9. Nxe5 Nxe5 10. e3 d6 11. Be2 Bf5 12. 0-0 0-0 13. Rac1 Rfd8 14. Qc3 Ng6 15. Bg3 c6 16. Rfd1 d5 17. cxd5 Rxd5 18. Rxd5 cxd5 19. Rd1 Rc8 20. Qd4 h6 21. Qxd5 Be4 22. Qd4 Rc2 23. Bf1 Kh7 24. f3 Bc6 25. Bd3 1-0